Catálogo

[CIENTO VEINTE] 120 ACTIVIDADES PARA EL PERIODO DE TRABAJO (Registro nro. 1839)

Detalles MARC
000 -LEADER
fixed length control field 00526nam a2200181 a 4500
001 - CONTROL NUMBER
control field 1839
005 - DATE AND TIME OF LATEST TRANSACTION
control field 20180713181850.0
008 - FIXED-LENGTH DATA ELEMENTS--GENERAL INFORMATION
fixed length control field 140415s1968 000 0 spa d
041 ## - LANGUAGE CODE
Language code of text/sound track or separate title spa
082 ## - DEWEY DECIMAL CLASSIFICATION NUMBER
Classification number 370.11
Item number WIL
100 1# - MAIN ENTRY--PERSONAL NAME
Personal name Willcox, Isobel,.
245 10 - TITLE STATEMENT
Title [CIENTO VEINTE] 120 ACTIVIDADES PARA EL PERIODO DE TRABAJO
260 ## - PUBLICATION, DISTRIBUTION, ETC.
Place of publication, distribution, etc. [s.l.] :
Name of publisher, distributor, etc. UTEHA,
Date of publication, distribution, etc. 1968
300 ## - PHYSICAL DESCRIPTION
Extent 103
490 ## - SERIES STATEMENT
Series statement MANUAL UTEHA BRTEVE
Volume/sequential designation 384
650 14 - SUBJECT ADDED ENTRY--TOPICAL TERM
Topical term or geographic name entry element TRABAJOS MANUALES (EDUCACION)
700 1# - ADDED ENTRY--PERSONAL NAME
Personal name CORONA DE CONTIN, HORTENSIA
Relator term tr.
Existencias
Withdrawn status Lost status Source of classification or shelving scheme Damaged status Not for loan Collection code Home library Current library Shelving location Date acquired Source of acquisition Inventory number Total Checkouts Full call number Barcode Date last seen Date last checked out Price effective from Koha item type
    Dewey Decimal Classification     General Biblioteca Karol Wojtyla Biblioteca Karol Wojtyla Sala general 03/12/2013 Compra 151000000000000000044072 1 370.11 WIL 1996 05/01/2026 19/03/2025 03/12/2013 Libro
    Dewey Decimal Classification     General Biblioteca Karol Wojtyla Biblioteca Karol Wojtyla Sala general 03/12/2013 Compra 151000000000000000044071   370.11 WIL 1995 05/01/2026   03/12/2013 Libro
    Dewey Decimal Classification     General Biblioteca Karol Wojtyla Biblioteca Karol Wojtyla Sala general 03/12/2013 Compra 151000000000000000044070   370.11 WIL 1236 05/01/2026   03/12/2013 Libro